NHL 2021-22 rookies - Statistics

General Stats
  • This quiz has been taken 56 times
    47 since last reset
  • The average score is 11 of 24
Answer Stats
Rookie Team Country Position Answer % Correct
Anaheim Ducks USA C Trevor Zegras
100%
Montreal Canadiens USA RW Cole Caufield
93%
Red Wings SWE LW Lucas Raymond
93%
Red Wings GER D Moritz Seider
90%
Florida Panthers USA G Spencer Knight
85%
Anaheim Ducks CAN D Jamie Drysdale
75%
Florida Panthers FIN C Anton Lundell
73%
Boston Bruins USA G Jeremy Swayman
65%
Minnesota Wild FIN G Kaapo Kahkonen
43%
Nashville Predators CAN LW Tanner Jeannot
43%
Carolina Hurricanes CAN C Seth Jarvis
38%
Colorado Avalanche CAN C Alex Newhook
35%
New Jersey Devils CAN C Dawson Mercer
35%
Washington Capitals CAN C Connor McMichael
33%
Los Angeles Kings UZB RW Arthur Kaliyev
30%
Columbus Blue Jackets USA C Cole Sillinger
30%
Tampa Bay Lightning USA C Ross Colton
30%
Nashville Predators CAN C Philip Tomasino
25%
Colorado Avalanche CAN D Bowen Byram
13%
San Jose Sharks SWE C Jonathan Dahlen
10%
Nashville Predators CAN D Alexandre Carrier
8%
Tampa Bay Lightning CAN RW Taylor Raddysh
8%
Vancouver Canucks RUS RW Vasili Podkolzin
8%
Minnesota Wild CAN C Rem Pitlick
3%
No matching quizzes found
Score Distribution
Percent of People with Each Score
Percentile by Number Answered
Your Score History
You have not taken this quiz since the last reset